<?xml version="1.0" encoding="UTF-8"?>
<collection xmlns="http://www.loc.gov/MARC21/slim">
    <record>
        <controlfield tag="001">78081</controlfield>
        <controlfield tag="005">20200117212653.0</controlfield>
        <datafield tag="024" ind1="7" ind2=" ">
            <subfield code="2">doi</subfield>
            <subfield code="a">10.1016/j.ifset.2018.03.008</subfield>
        </datafield>
        <datafield tag="024" ind1="8" ind2=" ">
            <subfield code="2">sideral</subfield>
            <subfield code="a">108527</subfield>
        </datafield>
        <datafield tag="037" ind1=" " ind2=" ">
            <subfield code="a">ART-2018-108527</subfield>
        </datafield>
        <datafield tag="041" ind1=" " ind2=" ">
            <subfield code="a">eng</subfield>
        </datafield>
        <datafield tag="100" ind1=" " ind2=" ">
            <subfield code="0">(orcid)0000-0003-4505-0418</subfield>
            <subfield code="a">Parron, J.A.</subfield>
        </datafield>
        <datafield tag="245" ind1=" " ind2=" ">
            <subfield code="a">Effect of thermal and high-pressure treatments on the antirotaviral activity of human milk fractions</subfield>
        </datafield>
        <datafield tag="260" ind1=" " ind2=" ">
            <subfield code="c">2018</subfield>
        </datafield>
        <datafield tag="506" ind1="0" ind2=" ">
            <subfield code="a">Access copy available to the general public</subfield>
            <subfield code="f">Unrestricted</subfield>
        </datafield>
        <datafield tag="520" ind1="3" ind2=" ">
            <subfield code="a">Rotaviral gastroenteritis is associated with high rate of infant mortality and morbidity. Antirotaviral activity has been associated with some glycoproteins, such as immunoglobulins A (IgA), lactoferrin (LF), mucins and lactadherin of human milk. Although holder pasteurization (HoP, 63 degrees C for 30 min) is the treatment currently applied to human milk, it may lead to a decrease of its bioactive properties. The antirotaviral capacity of human milk showed to be mainly associated with the whey fraction, focusing on IgA and LF, with neutralizing values of 100, 100 and 62%, at 1 mg protein/mL, respectively. HoP reduced the antirotaviral activity of human whey, IgA and LF, 30, 98 and 60%, respectively. Interestingly, high temperature-short time (HTST) pasteurization at 75 degrees C for 20 s did not affect the antirotaviral activity of samples, while the highest HHP treatment at 600 MPa for 15 min only reduced the activity of human whey, IgA and LF, 9, 40 and 10%, respectively.</subfield>
        </datafield>
        <datafield tag="536" ind1=" " ind2=" ">
            <subfield code="9">info:eu-repo/grantAgreement/ES/DGA/FSE</subfield>
        </datafield>
        <datafield tag="540" ind1=" " ind2=" ">
            <subfield code="9">info:eu-repo/semantics/openAccess</subfield>
            <subfield code="a">All rights reserved</subfield>
            <subfield code="u">http://www.europeana.eu/rights/rr-f/</subfield>
        </datafield>
        <datafield tag="590" ind1=" " ind2=" ">
            <subfield code="a">4.085</subfield>
            <subfield code="b">2018</subfield>
        </datafield>
        <datafield tag="591" ind1=" " ind2=" ">
            <subfield code="a">FOOD SCIENCE &amp; TECHNOLOGY</subfield>
            <subfield code="b">14 / 135 = 0.104</subfield>
            <subfield code="c">2018</subfield>
            <subfield code="d">Q1</subfield>
            <subfield code="e">T1</subfield>
        </datafield>
        <datafield tag="592" ind1=" " ind2=" ">
            <subfield code="a">1.43</subfield>
            <subfield code="b">2018</subfield>
        </datafield>
        <datafield tag="593" ind1=" " ind2=" ">
            <subfield code="a">Chemistry (miscellaneous)</subfield>
            <subfield code="c">2018</subfield>
            <subfield code="d">Q1</subfield>
        </datafield>
        <datafield tag="593" ind1=" " ind2=" ">
            <subfield code="a">Industrial and Manufacturing Engineering</subfield>
            <subfield code="c">2018</subfield>
            <subfield code="d">Q1</subfield>
        </datafield>
        <datafield tag="593" ind1=" " ind2=" ">
            <subfield code="a">Food Science</subfield>
            <subfield code="c">2018</subfield>
            <subfield code="d">Q1</subfield>
        </datafield>
        <datafield tag="655" ind1=" " ind2="4">
            <subfield code="a">info:eu-repo/semantics/article</subfield>
            <subfield code="v">info:eu-repo/semantics/acceptedVersion</subfield>
        </datafield>
        <datafield tag="700" ind1=" " ind2=" ">
            <subfield code="0">(orcid)0000-0003-2680-7593</subfield>
            <subfield code="a">Ripolles, D.</subfield>
        </datafield>
        <datafield tag="700" ind1=" " ind2=" ">
            <subfield code="a">Ramos, S.J.</subfield>
        </datafield>
        <datafield tag="700" ind1=" " ind2=" ">
            <subfield code="0">(orcid)0000-0003-2555-8425</subfield>
            <subfield code="a">Perez, M.D.</subfield>
            <subfield code="u">Universidad de Zaragoza</subfield>
        </datafield>
        <datafield tag="700" ind1=" " ind2=" ">
            <subfield code="0">(orcid)0000-0001-5373-9210</subfield>
            <subfield code="a">Calvo, M.</subfield>
            <subfield code="u">Universidad de Zaragoza</subfield>
        </datafield>
        <datafield tag="700" ind1=" " ind2=" ">
            <subfield code="0">(orcid)0000-0001-5964-823X</subfield>
            <subfield code="a">Sanchez, L.</subfield>
            <subfield code="u">Universidad de Zaragoza</subfield>
        </datafield>
        <datafield tag="710" ind1="2" ind2=" ">
            <subfield code="1">2008</subfield>
            <subfield code="2">780</subfield>
            <subfield code="a">Universidad de Zaragoza</subfield>
            <subfield code="b">Dpto. Produc.Animal Cienc.Ali.</subfield>
            <subfield code="c">Área Tecnología de Alimentos</subfield>
        </datafield>
        <datafield tag="773" ind1=" " ind2=" ">
            <subfield code="g">47 (2018), 262-270</subfield>
            <subfield code="p">Innov. food sci. emerg. technol.</subfield>
            <subfield code="t">Innovative Food Science &amp; Emerging Technologies</subfield>
            <subfield code="x">1466-8564</subfield>
        </datafield>
        <datafield tag="856" ind1="4" ind2=" ">
            <subfield code="s">422821</subfield>
            <subfield code="u">http://zaguan.unizar.es/record/78081/files/texto_completo.pdf</subfield>
            <subfield code="y">Postprint</subfield>
        </datafield>
        <datafield tag="856" ind1="4" ind2=" ">
            <subfield code="s">51791</subfield>
            <subfield code="u">http://zaguan.unizar.es/record/78081/files/texto_completo.jpg?subformat=icon</subfield>
            <subfield code="x">icon</subfield>
            <subfield code="y">Postprint</subfield>
        </datafield>
        <datafield tag="909" ind1="C" ind2="O">
            <subfield code="o">oai:zaguan.unizar.es:78081</subfield>
            <subfield code="p">articulos</subfield>
            <subfield code="p">driver</subfield>
        </datafield>
        <datafield tag="951" ind1=" " ind2=" ">
            <subfield code="a">2020-01-17-21:21:41</subfield>
        </datafield>
        <datafield tag="980" ind1=" " ind2=" ">
            <subfield code="a">ARTICLE</subfield>
        </datafield>
    </record>

    
</collection>